Multimedia: Making it Work / (Record no. 616771)
[ view plain ]
| 000 -LEADER | |
|---|---|
| fixed length control field | 00391nam a22001457a 4500 |
| 020 ## - INTERNATIONAL STANDARD BOOK NUMBER | |
| Qualifying information | PB. |
| 040 ## - CATALOGING SOURCE | |
| Transcribing agency | FIZZA ISHAQ |
| 082 ## - DEWEY DECIMAL CLASSIFICATION NUMBER | |
| Classification number | 006.7 |
| Author Mark | VAU |
| 100 ## - MAIN ENTRY--PERSONAL NAME | |
| Personal name | Vaughan , Tay. |
| 9 (RLIN) | 58529 |
| 245 ## - TITLE STATEMENT | |
| Title | Multimedia: Making it Work / |
| Statement of responsibility, etc. | Tay Vaughan. |
| 250 ## - EDITION STATEMENT | |
| Edition statement | 7th ED. |
| 260 ## - PUBLICATION, DISTRIBUTION, ETC. | |
| Place of publication, distribution, etc. | New York: |
| Name of publisher, distributor, etc. | McGraw-Hill Osborne Media, |
| Date of publication, distribution, etc. | 2008. |
| 300 ## - PHYSICAL DESCRIPTION | |
| Extent | 514 P. ; |
| Dimensions | 8.5 x 0.71 x 10.8 inches |
| 942 ## - ADDED ENTRY ELEMENTS (KOHA) | |
| Source of classification or shelving scheme | |
| Koha item type | Book |
| Withdrawn status | Lost status | Source of classification or shelving scheme | Damaged status | Not for loan | Permanent Location | Current Location | Shelving location | Date acquired | Total Checkouts | Full call number | Barcode | Date last seen | Price effective from | Koha item type |
|---|---|---|---|---|---|---|---|---|---|---|---|---|---|---|
| NUST Baluchistan Campus (NBC) | NUST Baluchistan Campus (NBC) | General Stacks | 04/01/2026 | 006.7 VAU | QD-387 | 04/01/2026 | 04/01/2026 | Book |
